Integración en presencia de corporaciones transaccionales

Gardado en:
Detalles Bibliográficos
Autor Principal: Tironi, Ernesto (Author)
Corporate Authors: CIEPLAN (Author), Corporación de Investigaciones Económicas Para Latinoamérica (Author)
Formato: Libro
Idioma:Lingua castelá
Publicado: Santiago CIEPLAN 1979
Series:Estudios CIEPLAN, 31
Subjects:
Tags: Engadir etiqueta
Sen Etiquetas, Sexa o primeiro en etiquetar este rexistro!

MARC

LEADER 00000nam a2200000 a 4500
001 UCR7720
003 CL-VaPUC
008 980519e19790300CL |||||||||||||||||spa|d
082 0 4 |a 337.1  |b TIR  |2 21 
100 0 |a Tironi, Ernesto  |e author  |9 409123 
110 2 |a CIEPLAN  |e author  |9 409124 
710 2 |a Corporación de Investigaciones Económicas Para Latinoamérica  |e author  |9 409125 
245 1 0 |a Integración en presencia de corporaciones transaccionales 
300 |a 54 p 
942 |c BK 
945 |d 19980519 00:00:00  |a crobeson 
260 |a Santiago  |b CIEPLAN  |c 1979 
650 0 |a Integración económica  |9 255024 
650 7 |a EMPRESAS INTERNACIONALES  |2 CL-VaPUC  |9 258376 
650 0 |a Economía   |9 255568 
650 0 |a Desarrollo económico y social   |9 256320 
650 0 |a Economía internacional  |9 258254 
650 0 |a Cooperación internacional  |9 255447 
650 0 |a Acuerdos económicos  |9 348030 
651 0 |a Latinoamérica  |9 316393 
583 |a last modification  |c 19980519 00:00:00  |k Rodrigo Vera 
490 0 |a Estudios CIEPLAN, 31 
999 |c 269306  |d 269304 
952 |0 0  |1 0  |4 0  |6 337_100000000000000_TIR_1979  |7 0  |8 A  |9 303015  |a BIBENE  |b BIBENE  |d 2019-11-20  |i 1993895  |o 337.1 TIR 1979  |p 1993895  |r 2025-01-15  |w 2019-11-20  |y BK  |k ICO